[Event "Vladimir Dvorkovich Mem 2014"]
[Site "Taganrog RUS"]
[Date "2014.01.22"]
[Round "5.23"]
[White "Travkina, A."]
[Black "Pushkov, N."]
[Result "0-1"]
[WhiteElo "2227"]
[BlackElo "2344"]
[PlyCount "70"]
[EventDate "2014.01.18"]
[EventType "swiss"]
[EventRounds "9"]
[EventCountry "RUS"]
[Source "Mark Crowther"]
[SourceDate "2014.01.27"]

1. e4 e6 2. d4 d5 3. Nc3 Nf6 4. Bg5 Be7 5. e5 Nfd7 6. h4 Bxg5 7. hxg5 Qxg5 8.
Nh3 Qe7 9. Qg4 g6 10. Ng5 h5 11. Qf4 Nc6 12. Nb5 Nb6 13. Rh3 a6 14. Nc3 Bd7 15.
O-O-O O-O-O 16. Rf3 Rdf8 17. g3 Kb8 18. Kb1 Be8 19. Ne2 Qd8 20. Bh3 Nd7 21. Qd2
Qe7 22. Rb3 Nb6 23. Rf3 h4 24. Qf4 hxg3 25. fxg3 Rh5 26. Nxe6 Rfh8 27. g4 Rxh3
28. Rxh3 Rxh3 29. Ng5 Rh8 30. Rf1 Nd8 31. Qf6 Qxf6 32. Rxf6 Rh1+ 33. Nc1 Nc4
34. b3 Nd2+ 35. Kb2 Rf1 0-1

[Event "Vladimir Dvorkovich Mem 2014"]
[Site "Taganrog RUS"]
[Date "2014.01.22"]
[Round "5.24"]
[White "Dauletova, G."]
[Black "Zakharov, AI."]
[Result "0-1"]
[WhiteElo "2218"]
[BlackElo "2324"]
[PlyCount "46"]
[EventDate "2014.01.18"]
[EventType "swiss"]
[EventRounds "9"]
[EventCountry "RUS"]
[Source "Mark Crowther"]
[SourceDate "2014.01.27"]

1. e4 g6 2. d4 Bg7 3. Nc3 d6 4. g3 Nc6 5. Be3 Nf6 6. h3 e5 7. Nge2 d5 8. Bg2
Nxe4 9. dxe5 Nxc3 10. Nxc3 Bxe5 11. Nxd5 Be6 12. O-O O-O 13. c4 Qd7 14. Bf4 f6
15. Nxc7 Qxc7 16. Bd5 Bxd5 17. cxd5 Rfd8 18. Qb3 Nd4 19. d6+ Qf7 20. Qxf7+ Kxf7
21. Bxe5 fxe5 22. Kg2 Rxd6 23. Rac1 Ne6 0-1

[Event "Vladimir Dvorkovich Mem 2014"]
[Site "Taganrog RUS"]
[Date "2014.01.22"]
[Round "5.25"]
[White "Charochkina, D."]
[Black "Kostrikina, A."]
[Result "1-0"]
[WhiteElo "2359"]
[BlackElo "2141"]
[PlyCount "77"]
[EventDate "2014.01.18"]
[EventType "swiss"]
[EventRounds "9"]
[EventCountry "RUS"]
[Source "Mark Crowther"]
[SourceDate "2014.01.27"]

1. c4 Nf6 2. Nc3 e5 3. g3 Bb4 4. Bg2 O-O 5. Nf3 Nc6 6. O-O Re8 7. d3 Bxc3 8.
bxc3 d6 9. e4 h6 10. Nh4 Bg4 11. f3 Bd7 12. Nf5 Bxf5 13. exf5 d5 14. Qb3 Na5
15. Qb4 c5 16. Qxc5 Rc8 17. Qxa7 dxc4 18. dxc4 Nxc4 19. Rb1 b6 20. Rb4 Ra8 21.
Qb7 Qd3 22. Rf2 Rec8 23. Bf1 Qd1 24. Qe7 Re8 25. Qb7 Reb8 26. Qe7 Nd5 27. Qh4
Nxb4 28. Bxh6 gxh6 29. f6 Nd5 30. Qxh6 Nxf6 31. Qg5+ Kf8 32. Qxf6 Rd8 33. Re2
Qd6 34. Qh8+ Ke7 35. Qh4+ f6 36. Qxc4 Rdc8 37. Qg4 Rg8 38. Qf5 Rg7 39. Qe4 1-0

[Event "Vladimir Dvorkovich Mem 2014"]
[Site "Taganrog RUS"]
[Date "2014.01.22"]
[Round "5.26"]
[White "Rozhko, D."]
[Black "Becker, Max"]
[Result "1-0"]
[WhiteElo "2354"]
[BlackElo "2211"]
[PlyCount "83"]
[EventDate "2014.01.18"]
[EventType "swiss"]
[EventRounds "9"]
[EventCountry "RUS"]
[Source "Mark Crowther"]
[SourceDate "2014.01.27"]

1. d4 Nf6 2. Nf3 d5 3. Bf4 c5 4. c3 Nc6 5. dxc5 e6 6. b4 a5 7. Nd4 Nxd4 8. Qxd4
axb4 9. cxb4 b6 10. cxb6 Nd7 11. Bc7 Qf6 12. Qxf6 gxf6 13. e3 Bxb4+ 14. Nd2 Nc5
15. Bb5+ Bd7 16. Bxd7+ Kxd7 17. Ke2 Bc3 18. Rac1 Bxd2 19. Rxc5 Rxa2 20. Kf3 Rb2
21. Ra1 Bb4 22. Ra7 Rxf2+ 23. Kxf2 Bxc5 24. Be5+ Kc6 25. Bxf6 Kxb6 26. Rxf7 Rf8
27. Rxf8 Bxf8 28. g4 Kc6 29. h4 Kd7 30. h5 Ke8 31. Be5 Kf7 32. Kf3 Bh6 33. Bf4
Bg7 34. g5 e5 35. Bg3 Ke6 36. Kg4 Bf8 37. h6 e4 38. Be1 d4 39. exd4 Kd5 40. Bf2
Kc4 41. Kf5 Kd3 42. d5 1-0

[Event "Vladimir Dvorkovich Mem 2014"]
[Site "Taganrog RUS"]
[Date "2014.01.22"]
[Round "5.27"]
[White "Frolov, Andrey"]
[Black "Vlasenko, A."]
[Result "0-1"]
[WhiteElo "2164"]
[BlackElo "2319"]
[PlyCount "52"]
[EventDate "2014.01.18"]
[EventType "swiss"]
[EventRounds "9"]
[EventCountry "RUS"]
[Source "Mark Crowther"]
[SourceDate "2014.01.27"]

1. e4 c5 2. Nf3 e6 3. d4 cxd4 4. Nxd4 a6 5. Bd3 Nc6 6. Be3 Qc7 7. O-O Nf6 8.
Nc3 Bd6 9. Kh1 h5 10. h3 Ng4 11. Be2 Nxe3 12. fxe3 Be7 13. Nxc6 dxc6 14. Bxh5
g6 15. Bg4 Bc5 16. Qf3 f5 17. exf5 exf5 18. e4 fxg4 19. Qf6 Qh7 20. Nd5 cxd5
21. exd5 Bf5 22. b4 Qxh3+ 23. gxh3 Rxh3+ 24. Kg2 Be4+ 25. Rf3 Bxf3+ 26. Qxf3
Rxf3 0-1

[Event "Vladimir Dvorkovich Mem 2014"]
[Site "Taganrog RUS"]
[Date "2014.01.22"]
[Round "5.28"]
[White "Hudyakov, S."]
[Black "Golubov, Saveliy"]
[Result "0-1"]
[WhiteElo "2094"]
[BlackElo "2307"]
[PlyCount "98"]
[EventDate "2014.01.18"]
[EventType "swiss"]
[EventRounds "9"]
[EventCountry "RUS"]
[Source "Mark Crowther"]
[SourceDate "2014.01.27"]

1. d4 Nf6 2. c4 e6 3. g3 d5 4. Bg2 Be7 5. Nf3 O-O 6. O-O dxc4 7. Ne5 Nc6 8.
Bxc6 bxc6 9. Nxc6 Qe8 10. Nxe7+ Qxe7 11. Qa4 Rd8 12. Qxc4 e5 13. dxe5 Qxe5 14.
Nc3 Be6 15. Qf4 Qa5 16. Qg5 Nd5 17. e4 f6 18. Qh5 Bf7 19. Qf5 Bg6 20. Qe6+ Bf7
21. Qf5 g6 22. Qf3 Nxc3 23. Qxc3 Qxc3 24. bxc3 Rd3 25. Be3 Rxc3 26. Bd4 Rc6 27.
Rfc1 Rd6 28. Be3 c6 29. a4 a5 30. Rab1 Re6 31. Rc4 f5 32. e5 Rxe5 33. Rxc6 Re4
34. Rc5 Rxa4 35. Rd1 Be8 36. Rc7 Re4 37. Rd6 a4 38. Bd2 a3 39. Bc3 a2 40. Rg7+
Kf8 41. Rf6+ Kxg7 42. Ra6+ Kf7 43. Rxa8 Ba4 44. Ra7+ Ke6 45. Kf1 Bb5+ 46. Kg1
Rc4 47. Bb2 Rc2 48. Bg7 Bc6 49. f4 Rg2+ 0-1

[Event "Vladimir Dvorkovich Mem 2014"]
[Site "Taganrog RUS"]
[Date "2014.01.22"]
[Round "5.29"]
[White "Dmitriev, Ig"]
[Black "Nazaretyan, Tigran"]
[Result "0-1"]
[WhiteElo "2298"]
[BlackElo "2149"]
[PlyCount "86"]
[EventDate "2014.01.18"]
[EventType "swiss"]
[EventRounds "9"]
[EventCountry "RUS"]
[Source "Mark Crowther"]
[SourceDate "2014.01.27"]

1. Nf3 Nf6 2. c4 b6 3. b4 e6 4. a3 Bb7 5. Bb2 Be7 6. d3 d6 7. e4 O-O 8. Be2
Nbd7 9. O-O Re8 10. Nbd2 Bf8 11. Qb1 e5 12. Ne1 c6 13. Nc2 d5 14. cxd5 cxd5 15.
Ne3 a5 16. b5 Nc5 17. Rd1 Qc7 18. Bf3 Rad8 19. Qc2 Qb8 20. exd5 Nxd5 21. Nxd5
Bxd5 22. Be4 g6 23. Nc4 a4 24. Rab1 Nb3 25. Re1 Bxc4 26. Qxc4 Nd2 27. Qxa4 Nxb1
28. Rxb1 Bc5 29. Qb3 Bd4 30. Bc1 Kg7 31. Bc6 Re7 32. Bg5 f6 33. Bd2 Bc5 34. Be3
Bxe3 35. fxe3 Qd6 36. Rd1 Qc5 37. Kf2 Qd6 38. g3 f5 39. a4 f4 40. gxf4 exf4 41.
Qc3+ Qf6 42. Qxf6+ Kxf6 43. Be4 Rxe4 0-1

[Event "Vladimir Dvorkovich Mem 2014"]
[Site "Taganrog RUS"]
[Date "2014.01.22"]
[Round "5.30"]
[White "Yakimenko, Viktoria"]
[Black "Davletbayeva, M."]
[Result "0-1"]
[WhiteElo "1935"]
[BlackElo "2286"]
[PlyCount "132"]
[EventDate "2014.01.18"]
[EventType "swiss"]
[EventRounds "9"]
[EventCountry "RUS"]
[Source "Mark Crowther"]
[SourceDate "2014.01.27"]

1. e4 e5 2. Nf3 Nc6 3. Bb5 a6 4. Ba4 Nf6 5. O-O Nxe4 6. d4 b5 7. Bb3 d5 8. dxe5
Be6 9. c3 Be7 10. Nbd2 O-O 11. Nxe4 dxe4 12. Bxe6 fxe6 13. Qxd8 Raxd8 14. Ng5
Bxg5 15. Bxg5 Rd5 16. Rae1 Nxe5 17. Bc1 Nd3 18. Rxe4 Nxc1 19. Rxc1 Rd2 20. f3
Rxb2 21. a4 Rd8 22. axb5 axb5 23. Rd4 Ra8 24. Rb4 Raa2 25. Rxb2 Rxb2 26. Rd1
Rc2 27. Rd3 Kf7 28. h4 Kf6 29. Kh2 h6 30. Kh3 c5 31. g3 Rb2 32. Rd7 Rb3 33. Rb7
h5 34. g4 Rxc3 35. Rxb5 Rxf3+ 36. Kg2 hxg4 37. Rxc5 Rh3 38. Rc1 Rxh4 39. Kg3
Rh5 40. Kxg4 Ra5 41. Rc4 Rd5 42. Rb4 Rd1 43. Ra4 Rg1+ 44. Kf3 Kf5 45. Rf4+ Ke5
46. Ra4 g5 47. Ra8 Rf1+ 48. Kg4 Rf5 49. Rg8 Rf4+ 50. Kxg5 Rf1 51. Ra8 Rg1+ 52.
Kh4 Ke4 53. Ra4+ Kf5 54. Kh3 e5 55. Kh2 Rg8 56. Ra7 Kf4 57. Rf7+ Ke3 58. Re7 e4
59. Re6 Kf3 60. Rf6+ Ke2 61. Re6 e3 62. Re7 Kf2 63. Rf7+ Ke1 64. Re7 e2 65. Re6
Rd8 66. Rg6 Kd1 0-1

[Event "Vladimir Dvorkovich Mem 2014"]
[Site "Taganrog RUS"]
[Date "2014.01.22"]
[Round "5.31"]
[White "Zhdanov, P."]
[Black "Kovalchuk, Al RUS"]
[Result "0-1"]
[WhiteElo "2010"]
[BlackElo "2276"]
[PlyCount "70"]
[EventDate "2014.01.18"]
[EventType "swiss"]
[EventRounds "9"]
[EventCountry "RUS"]
[Source "Mark Crowther"]
[SourceDate "2014.01.27"]

1. e4 c5 2. Nf3 d6 3. d4 cxd4 4. Nxd4 Nf6 5. Nc3 a6 6. Bg5 Nbd7 7. f4 Qc7 8.
Qf3 h6 9. Bxf6 Nxf6 10. f5 Qc5 11. O-O-O g5 12. Nb3 Qe5 13. g3 Bg7 14. Bc4 O-O
15. h4 b5 16. Bd5 Rb8 17. hxg5 hxg5 18. Nd4 Bd7 19. Qe3 g4 20. Rd2 Rfc8 21. Qg5
e6 22. Bb3 Rxc3 23. Rdh2 Rxc2+ 24. Nxc2 Kf8 25. Qf4 exf5 26. Qxe5 dxe5 27. exf5
Bxf5 28. Rf2 Bg6 29. Re1 Bh6+ 30. Kb1 Ne4 31. Rh2 Kg7 32. Ka1 Nxg3 33. Rxe5 Nf5
34. Rg2 Rc8 35. Rxg4 Ne3 0-1

[Event "Vladimir Dvorkovich Mem 2014"]
[Site "Taganrog RUS"]
[Date "2014.01.22"]
[Round "5.32"]
[White "Taysayev, T."]
[Black "Bykova, Anastasia"]
[Result "1-0"]
[WhiteElo "2233"]
[BlackElo "2097"]
[PlyCount "61"]
[EventDate "2014.01.18"]
[EventType "swiss"]
[EventRounds "9"]
[EventCountry "RUS"]
[Source "Mark Crowther"]
[SourceDate "2014.01.27"]

1. Nf3 d5 2. c4 c6 3. e3 Nf6 4. Nc3 e6 5. d4 Nbd7 6. Bd3 Bd6 7. g4 Bb4 8. Qc2
Nxg4 9. Rg1 h5 10. h3 Ngf6 11. Rxg7 Rg8 12. Rxg8+ Nxg8 13. Bd2 b6 14. cxd5 exd5
15. Qa4 Bxc3 16. Bxc3 Bb7 17. Ke2 Ngf6 18. Rg1 a5 19. Ne5 b5 20. Qc2 b4 21. Bd2
Qc7 22. f4 O-O-O 23. Nxf7 Rf8 24. Ne5 Kb8 25. Rg7 Qd6 26. Qa4 Qe6 27. Qxa5 Qxh3
28. Bxb4 Qh2+ 29. Kd1 c5 30. Nxd7+ Nxd7 31. Rxd7 1-0

[Event "Vladimir Dvorkovich Mem 2014"]
[Site "Taganrog RUS"]
[Date "2014.01.22"]
[Round "5.33"]
[White "Yakimenko, Anastasia"]
[Black "Bykov, Egor"]
[Result "1-0"]
[WhiteElo "1927"]
[BlackElo "2089"]
[PlyCount "43"]
[EventDate "2014.01.18"]
[EventType "swiss"]
[EventRounds "9"]
[EventCountry "RUS"]
[Source "Mark Crowther"]
[SourceDate "2014.01.27"]

1. e4 e6 2. d4 d5 3. e5 c5 4. c3 Nc6 5. Nf3 Qb6 6. a3 a5 7. b3 Bd7 8. Be3 Nh6
9. Bd3 Ng4 10. O-O Be7 11. Kh1 a4 12. b4 c4 13. Bc2 Qa6 14. Bg5 f6 15. Bf4 g5
16. exf6 gxf4 17. fxe7 Kxe7 18. Nh4 e5 19. Bf5 Nf6 20. dxe5 Nxe5 21. Re1 Kd6
22. Qd4 1-0

[Event "Vladimir Dvorkovich Mem 2014"]
[Site "Taganrog RUS"]
[Date "2014.01.22"]
[Round "5.34"]
[White "Bogdanov, R."]
[Black "Potemkin, Evgeny"]
[Result "1-0"]
[WhiteElo "2048"]
[BlackElo "1841"]
[PlyCount "79"]
[EventDate "2014.01.18"]
[EventType "swiss"]
[EventRounds "9"]
[EventCountry "RUS"]
[Source "Mark Crowther"]
[SourceDate "2014.01.27"]

1. b3 d5 2. e3 Nd7 3. Bb2 Ngf6 4. c4 e6 5. Nc3 c6 6. Rc1 g6 7. Bd3 Bg7 8. Bb1
O-O 9. d4 Qa5 10. a3 dxc4 11. bxc4 Qg5 12. Kf1 Ne8 13. h4 Qa5 14. h5 f5 15.
hxg6 hxg6 16. Nf3 Qd8 17. Ne2 Kf7 18. g4 Rh8 19. Rxh8 Bxh8 20. gxf5 exf5 21.
Qc2 Nd6 22. c5 Ne4 23. Qc4+ Kg7 24. d5+ Kh6 25. Bxh8 Qxh8 26. Bxe4 fxe4 27.
Qxe4 cxd5 28. Qxd5 Qf6 29. c6 bxc6 30. Rxc6 Nb6 31. Rxf6 Nxd5 32. Rd6 Bh3+ 33.
Kg1 Ne7 34. Nf4 Bf5 35. Nh4 Kg5 36. Nxf5 Kxf5 37. Kg2 g5 38. Nd3 a5 39. f3 Rb8
40. e4# 1-0

[Event "Vladimir Dvorkovich Mem 2014"]
[Site "Taganrog RUS"]
[Date "2014.01.22"]
[Round "5.36"]
[White "Babkin, Anatoliy"]
[Black "Gunchenko, Vadim"]
[Result "0-1"]
[WhiteElo "1836"]
[BlackElo "2032"]
[PlyCount "101"]
[EventDate "2014.01.18"]
[EventType "swiss"]
[EventRounds "9"]
[EventCountry "RUS"]
[Source "Mark Crowther"]
[SourceDate "2014.01.27"]

1. c4 e5 2. Nc3 Nc6 3. g3 g6 4. Bg2 Bg7 5. d3 d6 6. Nf3 Nf6 7. O-O Be6 8. a3 a5
9. Rb1 h6 10. b4 axb4 11. axb4 Qd7 12. Nb5 O-O 13. Bb2 Nd8 14. Ra1 Rxa1 15.
Qxa1 c6 16. Nc3 Bg4 17. Nd2 d5 18. Re1 Bh3 19. Na4 d4 20. Nc5 Qc8 21. Qa7 Bxg2
22. Kxg2 Ne8 23. Ra1 f5 24. f3 Nd6 25. Qb6 Rf7 26. Ra7 Qc7 27. Qxc7 Rxc7 28.
Ra8 Rc8 29. Ra7 Rc7 30. Kf2 Kf7 31. Ndb3 Re7 32. Ra8 Re8 33. f4 exf4 34. gxf4
b5 35. Nd2 bxc4 36. dxc4 Bf6 37. Ndb3 Ne6 38. Rxe8 Kxe8 39. Nd3 g5 40. fxg5
hxg5 41. h3 Kf7 42. Na5 c5 43. b5 Nc8 44. Nb3 Nb6 45. Ba3 Be7 46. Nd2 Bd6 47.
Nb3 Be7 48. e3 dxe3+ 49. Kxe3 Kg6 50. Kf3 Kh5 51. Kg2 0-1

[Event "Vladimir Dvorkovich Mem 2014"]
[Site "Taganrog RUS"]
[Date "2014.01.22"]
[Round "5.37"]
[White "Sobolevskiy, Anton"]
[Black "Aivazian, Grigory"]
[Result "1/2-1/2"]
[WhiteElo "1773"]
[BlackElo "1981"]
[PlyCount "84"]
[EventDate "2014.01.18"]
[EventType "swiss"]
[EventRounds "9"]
[EventCountry "RUS"]
[Source "Mark Crowther"]
[SourceDate "2014.01.27"]

1. d4 d5 2. c4 c6 3. g3 Nf6 4. Bg2 e6 5. Nc3 Nbd7 6. Nf3 dxc4 7. Nd2 Nb6 8. e3
c5 9. Nxc4 cxd4 10. Nxb6 Qxb6 11. exd4 Be7 12. O-O O-O 13. Na4 Qb5 14. Nc3 Qc4
15. Be3 Bd7 16. Rc1 Qa6 17. Qb3 Bc6 18. d5 exd5 19. Nxd5 Nxd5 20. Bxd5 Bxd5 21.
Qxd5 Rfd8 22. Qc4 Qxc4 23. Rxc4 Bd6 24. Rd1 b6 25. Kg2 f6 26. Ra4 Be7 27. Rxd8+
Bxd8 28. Rd4 b5 29. Rd7 Bb6 30. Bxb6 axb6 31. a3 Ra4 32. Rd6 b4 33. Rd4 b5 34.
Rxb4 Rxb4 35. axb4 Kf7 36. Kf3 Ke6 37. Ke4 g6 38. g4 Kd6 39. f4 Ke6 40. f5+
gxf5+ 41. gxf5+ Kd6 42. h3 Kc6 1/2-1/2

[Event "Vladimir Dvorkovich Mem 2014"]
[Site "Taganrog RUS"]
[Date "2014.01.22"]
[Round "5.38"]
[White "Sipetin, Vladislav"]
[Black "Krivochkin, Ilya"]
[Result "1/2-1/2"]
[WhiteElo "2069"]
[BlackElo "1936"]
[PlyCount "84"]
[EventDate "2014.01.18"]
[EventType "swiss"]
[EventRounds "9"]
[EventCountry "RUS"]
[Source "Mark Crowther"]
[SourceDate "2014.01.27"]

1. e4 e6 2. d4 d5 3. Nc3 Nf6 4. e5 Nfd7 5. f4 c5 6. Nf3 Nc6 7. Be3 cxd4 8. Nxd4
Bc5 9. Qd2 a6 10. O-O-O Nxd4 11. Bxd4 b5 12. Bxc5 Nxc5 13. Bd3 Bb7 14. Ne2 Qb6
15. Nd4 O-O-O 16. c3 Kb8 17. Qe3 Rc8 18. Kb1 b4 19. Rc1 Na4 20. cxb4 Qxb4 21.
Nb3 h6 22. Qd4 Qxd4 23. Nxd4 Nc5 24. Rc3 Rc7 25. Nb3 Nxb3 26. Rxb3 Ka7 27. Rc1
Rhc8 28. Rbc3 Rxc3 29. Rxc3 Rxc3 30. bxc3 Kb6 31. Kc2 Kc5 32. g3 d4 33. a3 dxc3
34. Kxc3 a5 35. Bc4 g6 36. h3 Bg2 37. h4 h5 38. Bd3 Bf3 39. Bc4 Bg2 40. Bd3 Bf3
41. Bc4 Bg2 42. Bd3 Bf3 1/2-1/2

[Event "Vladimir Dvorkovich Mem 2014"]
[Site "Taganrog RUS"]
[Date "2014.01.22"]
[Round "5.39"]
[White "Pligin, G."]
[Black "Dida, Igor"]
[Result "0-1"]
[WhiteElo "1928"]
[BlackElo "1956"]
[PlyCount "85"]
[EventDate "2014.01.18"]
[EventType "swiss"]
[EventRounds "9"]
[EventCountry "RUS"]
[Source "Mark Crowther"]
[SourceDate "2014.01.27"]

1. e4 g6 2. Bc4 c5 3. Nf3 Bg7 4. O-O Nc6 5. c3 e6 6. Re1 Nge7 7. d4 d5 8. exd5
exd5 9. Bb5 c4 10. b3 cxb3 11. axb3 O-O 12. Bg5 f6 13. Bc1 Re8 14. Ra2 Bg4 15.
h3 Bd7 16. Rae2 Nf5 17. Rxe8+ Bxe8 18. Bd3 Nd6 19. Ba3 Bf7 20. Nbd2 h6 21. Nf1
f5 22. Ne5 Nxe5 23. dxe5 Ne4 24. Bxe4 dxe4 25. Bd6 Qa5 26. b4 Qa3 27. Qd4 Rc8
28. Ne3 Qxc3 29. Qxc3 Rxc3 30. Ra1 a6 31. b5 f4 32. bxa6 bxa6 33. Ng4 Bc4 34.
Rb1 Bb5 35. Nf6+ Bxf6 36. exf6 g5 37. g3 e3 38. gxf4 Rd3 39. Bb4 e2 40. Kg2 Rd8
41. Kf3 gxf4 42. Kxf4 Kf7 43. Rc1 0-1

[Event "Vladimir Dvorkovich Mem 2014"]
[Site "Taganrog RUS"]
[Date "2014.01.23"]
[Round "6.1"]
[White "Khismatullin, D."]
[Black "Smirnov, P."]
[Result "1-0"]
[WhiteElo "2674"]
[BlackElo "2630"]
[PlyCount "115"]
[EventDate "2014.01.18"]
[EventType "swiss"]
[EventRounds "9"]
[EventCountry "RUS"]
[Source "Mark Crowther"]
[SourceDate "2014.01.27"]

1. Nf3 Nf6 2. g3 d5 3. Bg2 e6 4. O-O Be7 5. d3 c5 6. Nbd2 Nc6 7. e4 b6 8. Re1
Qc7 9. Qe2 Bb7 10. Nf1 dxe4 11. dxe4 Rd8 12. e5 Nd7 13. h4 O-O 14. N1h2 Nd4 15.
Nxd4 cxd4 16. Bxb7 Qxb7 17. Qg4 Kh8 18. Qxd4 Rc8 19. Re2 f6 20. exf6 Bxf6 21.
Qd1 Nc5 22. Qf1 Qd5 23. c3 Nd3 24. Qg2 Qb5 25. Qe4 Rcd8 26. a4 Qb3 27. Bg5 Bxg5
28. hxg5 Nxf2 29. Qxe6 Rd1+ 30. Rxd1 Qxd1+ 31. Re1 Qd3 32. Kg2 Nd1 33. Re2 b5
34. a5 Qd8 35. Nf3 Qd3 36. Nh4 Qd8 37. Nf3 Qd3 38. Nh4 Qd8 39. g6 Qa8+ 40. Qe4
Qxe4+ 41. Rxe4 Nxb2 42. Rb4 Nd1 43. Rxb5 Nxc3 44. Rh5 Nd1 45. Rxh7+ Kg8 46. Rh5
Ne3+ 47. Kh3 Rf1 48. g4 Kf8 49. Kg3 Rh1 50. a6 Ra1 51. Kf4 Ra3 52. Rc5 Rc3 53.
Rb5 Nc4 54. Rb7 Nd6 55. Rxa7 Rc4+ 56. Ke5 Ne8 57. Rf7+ Kg8 58. Nf5 1-0

[Event "Vladimir Dvorkovich Mem 2014"]
[Site "Taganrog RUS"]
[Date "2014.01.23"]
[Round "6.3"]
[White "Stukopin, A."]
[Black "Kryakvin, D."]
[Result "1/2-1/2"]
[WhiteElo "2523"]
[BlackElo "2588"]
[PlyCount "145"]
[EventDate "2014.01.18"]
[EventType "swiss"]
[EventRounds "9"]
[EventCountry "RUS"]
[Source "Mark Crowther"]
[SourceDate "2014.01.27"]

1. e4 e6 2. d4 d5 3. Nc3 Nf6 4. Bg5 dxe4 5. Nxe4 Nbd7 6. Nf3 Be7 7. Nxf6+ Bxf6
8. Bxf6 Nxf6 9. Bd3 O-O 10. Qe2 c5 11. O-O-O cxd4 12. Nxd4 Qa5 13. Kb1 e5 14.
Nb3 Qc7 15. Rhe1 Re8 16. f3 Bd7 17. Qf2 b6 18. Nd2 Rad8 19. g4 Bc6 20. g5 Nh5
21. Be4 Bb5 22. Nf1 Bxf1 23. Qxf1 Nf4 24. h4 g6 25. a3 Rxd1+ 26. Rxd1 Rd8 27.
Rxd8+ Qxd8 28. Qb5 Qd6 29. c4 Kg7 30. Bd5 Qe7 31. a4 h6 32. a5 hxg5 33. hxg5
Qxg5 34. axb6 Qg1+ 35. Ka2 Qxb6 36. Qd7 Qf6 37. Qxa7 Nxd5 38. cxd5 Qxf3 39. Qc5
Qf6 40. d6 e4 41. Qc7 e3 42. d7 e2 43. d8=Q Qxd8 44. Qxd8 e1=Q 45. Qd4+ f6 46.
b4 Qe2+ 47. Ka3 g5 48. Qd7+ Kg6 49. b5 g4 50. b6 Qa6+ 51. Qa4 Qxb6 52. Qxg4+
Kf7 53. Qd7+ Kf8 54. Ka4 Qb8 55. Qf5 Qb2 56. Qd7 Qb6 57. Ka3 Qc5+ 58. Kb3 f5
59. Qh7 Qe5 60. Kc4 f4 61. Qh6+ Kf7 62. Qh7+ Ke6 63. Qg6+ Ke7 64. Qh7+ Kd6 65.
Qg6+ Kc7 66. Qh7+ Kb8 67. Qf7 Qe4+ 68. Kc5 f3 69. Kb6 Qd4+ 70. Kc6 Qc3+ 71. Kb6
Qb2+ 72. Kc6 f2 73. Qf4+ 1/2-1/2

[Event "Vladimir Dvorkovich Mem 2014"]
[Site "Taganrog RUS"]
[Date "2014.01.23"]
[Round "6.6"]
[White "Gabrielian, A."]
[Black "Sjugirov, S."]
[Result "1/2-1/2"]
[WhiteElo "2555"]
[BlackElo "2651"]
[PlyCount "80"]
[EventDate "2014.01.18"]
[EventType "swiss"]
[EventRounds "9"]
[EventCountry "RUS"]
[Source "Mark Crowther"]
[SourceDate "2014.01.27"]

1. e4 c5 2. Nf3 e6 3. d4 cxd4 4. Nxd4 a6 5. Bd3 Bc5 6. Nb3 Be7 7. Qg4 g6 8. O-O
d6 9. Nc3 Nd7 10. a4 b6 11. f4 Ngf6 12. Qe2 Qc7 13. Bd2 Bb7 14. Rae1 O-O 15.
Kh1 Rfe8 16. Nd4 Nc5 17. b4 Nxd3 18. cxd3 Rac8 19. Rc1 Qd7 20. b5 axb5 21. axb5
e5 22. fxe5 dxe5 23. Nf3 Qd6 24. Na4 Rxc1 25. Rxc1 Rc8 26. Rxc8+ Bxc8 27. Be3
Bd8 28. Nb2 Qb4 29. Nxe5 Qxb5 30. Qc2 Be6 31. Nc6 Ng4 32. Bg1 Bf6 33. Nd4 Bxd4
34. Bxd4 Qb4 35. Qc3 Qxc3 36. Bxc3 b5 37. h3 Ne3 38. Bf6 Bb3 39. Kg1 Nd1 40.
Nxd1 Bxd1 1/2-1/2

[Event "Vladimir Dvorkovich Mem 2014"]
[Site "Taganrog RUS"]
[Date "2014.01.23"]
[Round "6.7"]
[White "Kovchan, A."]
[Black "Kokarev, Dm"]
[Result "1/2-1/2"]
[WhiteElo "2554"]
[BlackElo "2625"]
[PlyCount "48"]
[EventDate "2014.01.18"]
[EventType "swiss"]
[EventRounds "9"]
[EventCountry "RUS"]
[Source "Mark Crowther"]
[SourceDate "2014.01.27"]

1. e4 c5 2. Nf3 d6 3. d4 cxd4 4. Nxd4 Nf6 5. Nc3 a6 6. Be2 e5 7. Nb3 Be7 8. O-O
O-O 9. Be3 Be6 10. Qd2 Nc6 11. Rfd1 a5 12. a3 a4 13. Nc1 Qa5 14. Qd3 Rfc8 15.
N1a2 Qd8 16. Qd2 Ng4 17. Bxg4 Bxg4 18. f3 Be6 19. Nb4 Na5 20. Ncd5 Nc4 21. Qc1
Bf8 22. Bf2 Be7 23. Be3 Bf8 24. Bf2 Be7 1/2-1/2

[Event "Vladimir Dvorkovich Mem 2014"]
[Site "Taganrog RUS"]
[Date "2014.01.23"]
[Round "6.8"]
[White "Kharchenko, B."]
[Black "Volkov, Sergey1"]
[Result "0-1"]
[WhiteElo "2494"]
[BlackElo "2623"]
[PlyCount "56"]
[EventDate "2014.01.18"]
[EventType "swiss"]
[EventRounds "9"]
[EventCountry "RUS"]
[Source "Mark Crowther"]
[SourceDate "2014.01.27"]

1. e4 e6 2. d4 d5 3. Nd2 Nf6 4. e5 Nfd7 5. Bd3 c5 6. c3 Nc6 7. Ne2 cxd4 8. cxd4
f6 9. exf6 Nxf6 10. Nf3 Bd6 11. O-O O-O 12. Bf4 Bxf4 13. Nxf4 Ne4 14. Qc1 Ng5
15. Nxg5 Qxg5 16. Bxh7+ Kxh7 17. Nxe6 Qf5 18. Nxf8+ Qxf8 19. Re1 Bd7 20. Qg5
Qd6 21. Rad1 Rf8 22. Rd3 Rf5 23. Qh4+ Kg8 24. a3 Rf4 25. Qg5 Nxd4 26. Qd8+ Rf8
27. Qg5 Nf5 28. g4 Nh6 0-1

[Event "Vladimir Dvorkovich Mem 2014"]
[Site "Taganrog RUS"]
[Date "2014.01.23"]
[Round "6.9"]
[White "Demchenko, A."]
[Black "Papin, V."]
[Result "1/2-1/2"]
[WhiteElo "2617"]
[BlackElo "2510"]
[PlyCount "59"]
[EventDate "2014.01.18"]
[EventType "swiss"]
[EventRounds "9"]
[EventCountry "RUS"]
[Source "Mark Crowther"]
[SourceDate "2014.01.27"]

1. e4 c5 2. Nf3 e6 3. d4 cxd4 4. Nxd4 a6 5. Bd3 Bc5 6. Nb3 Ba7 7. Qg4 Nf6 8.
Qg3 d6 9. Nc3 Nc6 10. Bg5 h6 11. Bd2 Ne5 12. O-O-O b5 13. a3 Nxd3+ 14. Qxd3 e5
15. Be3 Bxe3+ 16. Qxe3 O-O 17. Qd2 Qb6 18. f3 Rd8 19. g4 Be6 20. g5 hxg5 21.
Qxg5 b4 22. Rhg1 Ne8 23. axb4 Bxb3 24. cxb3 Qxb4 25. Nd5 Qxb3 26. Nf6+ Kf8 27.
Nh7+ Kg8 28. Nf6+ Kf8 29. Nh7+ Kg8 30. Nf6+ 1/2-1/2

[Event "Vladimir Dvorkovich Mem 2014"]
[Site "Taganrog RUS"]
[Date "2014.01.23"]
[Round "6.10"]
[White "Guseva, Marina"]
[Black "Rakhmanov, Ale"]
[Result "1/2-1/2"]
[WhiteElo "2388"]
[BlackElo "2606"]
[PlyCount "112"]
[EventDate "2014.01.18"]
[EventType "swiss"]
[EventRounds "9"]
[EventCountry "RUS"]
[Source "Mark Crowther"]
[SourceDate "2014.01.27"]

1. d4 g6 2. c4 Bg7 3. e4 c5 4. d5 d6 5. Nc3 a6 6. Bd3 e6 7. Nf3 Ne7 8. O-O O-O
9. Bd2 Nd7 10. a3 Rb8 11. Rb1 exd5 12. exd5 b5 13. b3 Nf6 14. h3 Nf5 15. Re1
Bd7 16. Qc1 h6 17. Bf4 Kh7 18. Ne2 Ne8 19. Ng3 Nxg3 20. Bxg3 Rb7 21. Nd2 b4 22.
axb4 Rxb4 23. Qc2 Rb6 24. Nf3 f5 25. Bf4 Nf6 26. Bd2 Rb8 27. Bc3 Nh5 28. Bxg7
Nxg7 29. Ra1 Bc8 30. Qc3 Kg8 31. Bc2 g5 32. Re2 Rb7 33. Rae1 Rbf7 34. b4 g4 35.
hxg4 fxg4 36. Nd2 cxb4 37. Qxb4 Bf5 38. Be4 h5 39. c5 dxc5 40. Qxc5 h4 41. d6
Bxe4 42. Rxe4 Qd7 43. Qg5 Qxd6 44. Rxg4 h3 45. gxh3 Qf6 46. Ne4 Qxg5 47. Nxg5
Rf6 48. Re7 Rg6 49. Ra7 Re8 50. Kg2 Nf5 51. Nf3 Ree6 52. Kf1 Ref6 53. Rf4 Nh6
54. Rxf6 Rxf6 55. Ne5 Nf5 56. Kg2 Nd4 1/2-1/2